Statistics for Countries That End in Y

Click here to take the quiz!

General Stats

  • This quiz has been taken 62,803 times
    (62,723 since last reset)
  • The average score is 4 of 7

Answer Stats

Countries % Correct
Italy
71%
Paraguay
69%
Uruguay
69%
Germany
68%
Norway
60%
Hungary
54%
Turkey
50%

Score Distribution

Percentile by Number Answered

Percent of People with Each Score

Your Score History

You have not taken this quiz since the last reset